| 000 -LEADER |
| fixed length control field |
00795nam a22001577a 4500 |
| 003 - CONTROL NUMBER IDENTIFIER |
| control field |
OSt |
| 005 - DATE AND TIME OF LATEST TRANSACTION |
| control field |
20151206101509.0 |
| 008 - FIXED-LENGTH DATA ELEMENTS--GENERAL INFORMATION |
| fixed length control field |
151206b xxu||||| |||| 00| 0 eng d |
| 040 ## - CATALOGING SOURCE |
| Transcribing agency |
RUA |
| 082 ## - DEWEY DECIMAL CLASSIFICATION NUMBER |
| Classification number |
ATM ង៉ោ 1989 B188 Or.1 |
| 100 ## - MAIN ENTRY--PERSONAL NAME |
| 9 (RLIN) |
4380 |
| Personal name |
ង៉ោ ប៊ុនថាន |
| 245 ## - TITLE STATEMENT |
| Title |
ការរៀបចំជួសជុលនិងបច្ចេកទេសថែទាំត្រាក់ទ័រសំភារៈ បរិក្ខា នៅក្នុងខេត្តបាត់ដំបង និងការតំឡើងម៉ាស៊ីន សំរាប់លាង រន្ធប្រេងខ្វែង របស់ភ្លៅ វីឡឺប្រឺកាំង |
| 260 ## - PUBLICATION, DISTRIBUTION, ETC. (IMPRINT) |
| Place of publication, distribution, etc. |
Phnom Penh |
| Name of publisher, distributor, etc. |
RUA |
| Date of publication, distribution, etc. |
1989 |
| 300 ## - PHYSICAL DESCRIPTION |
| Extent |
117p. |
| Other physical details |
ill. |
| Dimensions |
29cm. |
| 942 ## - ADDED ENTRY ELEMENTS (KOHA) |
| Source of classification or shelving scheme |
|
| Koha item type |
ATM |